000 00723nam a2200193Ia 4500
003 GCL
008 140319s9999 xx 000 0 ara d
040 _aGCL /
_cGCL
082 0 4 _a810.9
_bم م
100 1 _aعبدالقادر القط
245 1 0 _aمصطفى صادق الرافعى : رسائل الاحزان - السحاب الاحمر : فى فلسفة الحب والجمال - اوراق الورد : رسائلها ورسائله /
_cعبدالقادر القط
300 _a238 ص
490 _aالصفوة
_v0
650 0 4 _aالادب العربى
650 0 4 _aتاريخ ونقد
650 0 4 _aالشعر العربى - العصر الحديث
650 0 4 _aالشعر الحديث
942 _2ddc
_cBK
999 _c48843
_d48843